000 00707nam a2200193Ia 4500
008 151121s9999||||xx |||||||||||||| ||und||
082 _a833/श्रीमाला
082 _bHNW-47403
100 _aश्रीमाला सूर्यकान्त
245 _aचमकते सितारे
260 _b"सहकारी प्रकाशन योजना, दिल्ली"
260 _c--
300 _a138
600 _aश्रीमाला सूर्यकान्त
630 _aचमकते सितारे
700 _aश्रीमाला सूर्यकान्त
730 _aचमकते सितारे
942 _cBOOK
999 _c1233487
_d1233484